[Event "Deutsche Ländermeisterschaft 2021"]
[Site "Neumünster GER"]
[Date "2021.10.03"]
[Round "3"]
[White "Weber, Samuel"]
[Black "Reuker, Jari"]
[Result "0-1"]
[Termination "normal"]
[Board "3.1"]
[WhiteTitle "FM"]
[WhiteElo "2258"]
[BlackElo "2404"]
[WhiteClock "00:00:33"]
[BlackClock "00:19:22"]
[WhiteTeam "Hessen"]
[BlackTeam "SG Bremen / Niedersachsen"]
[PlyCount "97"]
[WhiteFideId "12924008"]
[BlackFideId "12909300"]
[EventCountry "GER"]
[EventRounds "7"]
[EventType "team-swiss"]
[EventDate "2021.10.01"]

1. c4 {[%clk 1:30:57]} Nf6 {[%clk 1:30:33]} 2. g3 {[%clk 1:26:50]} e6 {[%clk
1:26:16]} 3. Bg2 {[%clk 1:25:44]} d5 {[%clk 1:26:40]} 4. Nf3 {[%clk 1:24:58]}
Be7 {[%clk 1:27:01]} 5. O-O {[%clk 1:25:06]} O-O {[%clk 1:27:24]} 6. b3 {[%clk
1:25:14]} d4 {[%clk 1:27:34]} 7. e3 {[%clk 1:23:14]} c5 {[%clk 1:27:54]} 8.
exd4 {[%clk 1:19:44]} cxd4 {[%clk 1:28:16]} 9. Re1 {[%clk 1:16:25]} Nc6 {[%clk
1:27:46]} 10. Bb2 {[%clk 1:05:27]} a5 {[%clk 1:25:32]} 11. Na3 {[%clk 0:58:52]}
Nd7 {[%clk 1:19:19]} 12. Nb5 {[%clk 0:54:24]} e5 {[%clk 1:19:31]} 13. d3 {[%clk
0:54:21]} Ra6 {[%clk 1:16:18]} 14. Rc1 {[%clk 0:46:43]} Re8 {[%clk 1:11:48]}
15. Qc2 {[%clk 0:39:27]} Bf8 {[%clk 1:05:21]} 16. a3 {[%clk 0:32:36]} Nc5
{[%clk 1:02:32]} 17. Nd2 {[%clk 0:30:14]} Bf5 {[%clk 0:54:44]} 18. Ne4 {[%clk
0:23:15]} Bxe4 {[%clk 0:54:42]} 19. Bxe4 {[%clk 0:23:22]} Nxe4 {[%clk 0:55:07]}
20. Rxe4 {[%clk 0:23:06]} f5 {[%clk 0:53:36]} 21. Ree1 {[%clk 0:22:56]} e4
{[%clk 0:52:05]} 22. dxe4 {[%clk 0:22:36]} d3 {[%clk 0:52:09]} 23. Qd2 {[%clk
0:23:00]} fxe4 {[%clk 0:52:03]} 24. c5 {[%clk 0:23:09]} Ne5 {[%clk 0:45:08]}
25. Bxe5 {[%clk 0:22:12]} Rxe5 {[%clk 0:45:33]} 26. b4 {[%clk 0:20:38]} axb4
{[%clk 0:45:20]} 27. axb4 {[%clk 0:21:03]} Rh6 {[%clk 0:38:18]} 28. Rc4 {[%clk
0:16:08]} Qd7 {[%clk 0:34:37]} 29. Qa2 {[%clk 0:13:30]} Kh8 {[%clk 0:33:31]}
30. Nd6 {[%clk 0:12:48]} Bxd6 {[%clk 0:22:00]} 31. cxd6 {[%clk 0:12:48]} Rhe6
{[%clk 0:17:47]} 32. Rd4 {[%clk 0:11:03]} h6 {[%clk 0:16:47]} 33. Qd2 {[%clk
0:10:07]} Rxd6 {[%clk 0:13:16]} 34. Rdxe4 {[%clk 0:09:14]} Rxe4 {[%clk
0:13:36]} 35. Rxe4 {[%clk 0:09:42]} Ra6 {[%clk 0:10:27]} 36. Re1 {[%clk
0:09:40]} Qd5 {[%clk 0:09:53]} 37. Rd1 {[%clk 0:09:06]} Rd6 {[%clk 0:07:08]}
38. Re1 {[%clk 0:04:44]} Ra6 {[%clk 0:05:59]} 39. Rd1 {[%clk 0:04:12]} Re6
{[%clk 0:05:40]} 40. Qc3 {[%clk 0:02:50]} Rd6 {[%clk 0:05:36]} 41. Qd2 {[%clk
0:01:10]} b5 {[%clk 0:01:43]} 42. h4 {[%clk 0:25:49]} Qf3 {[%clk 0:30:52]} 43.
Re1 {[%clk 0:22:59]} Rd4 {[%clk 0:28:12]} 44. Re3 {[%clk 0:20:45]} Qd5 {[%clk
0:28:12]} 45. h5 {[%clk 0:12:01]} Kh7 {[%clk 0:26:20]} 46. Qd1 {[%clk 0:03:47]}
d2 {[%clk 0:21:41]} 47. Re2 {[%clk 0:02:22]} Rd3 {[%clk 0:20:54]} 48. Re7
{[%clk 0:01:05]} Qd4 {[%clk 0:19:22]} 49. Kh2 {[%clk 0:00:33]} 0-1

[Event "Deutsche Ländermeisterschaft 2021"]
[Site "Neumünster GER"]
[Date "2021.10.03"]
[Round "3"]
[White "Wachinger, Nikolas"]
[Black "Lesny, Florian"]
[Result "1-0"]
[Termination "normal"]
[Board "3.2"]
[WhiteElo "2361"]
[BlackElo "2171"]
[WhiteClock "00:05:05"]
[BlackClock "00:02:14"]
[WhiteTeam "SG Bremen / Niedersachsen"]
[BlackTeam "Hessen"]
[PlyCount "89"]
[WhiteFideId "12962791"]
[BlackFideId "12973874"]
[EventCountry "GER"]
[EventRounds "7"]
[EventType "team-swiss"]
[EventDate "2021.10.01"]

1. e4 {[%clk 1:30:54]} c5 {[%clk 1:30:53]} 2. Nf3 {[%clk 1:31:12]} d6 {[%clk
1:31:14]} 3. d4 {[%clk 1:31:35]} cxd4 {[%clk 1:31:34]} 4. Nxd4 {[%clk 1:31:59]}
Nf6 {[%clk 1:31:53]} 5. Nc3 {[%clk 1:32:23]} a6 {[%clk 1:32:12]} 6. h3 {[%clk
1:32:43]} e5 {[%clk 1:31:56]} 7. Nb3 {[%clk 1:33:06]} Be6 {[%clk 1:25:32]} 8.
Be3 {[%clk 1:33:22]} Be7 {[%clk 1:23:11]} 9. Qf3 {[%clk 1:33:36]} b5 {[%clk
1:16:16]} 10. g4 {[%clk 1:33:04]} h6 {[%clk 1:06:35]} 11. O-O-O {[%clk
1:29:57]} Qc7 {[%clk 1:03:49]} 12. Kb1 {[%clk 1:20:41]} b4 {[%clk 1:01:58]} 13.
Nd5 {[%clk 1:18:15]} Nxd5 {[%clk 1:01:56]} 14. exd5 {[%clk 1:18:42]} Bc8 {[%clk
1:01:01]} 15. h4 {[%clk 0:59:49]} Nd7 {[%clk 0:58:10]} 16. g5 {[%clk 0:56:47]}
h5 {[%clk 0:56:06]} 17. Qe4 {[%clk 0:47:33]} Rb8 {[%clk 0:50:25]} 18. f4 {[%clk
0:43:06]} g6 {[%clk 0:47:23]} 19. Bh3 {[%clk 0:40:18]} a5 {[%clk 0:42:45]} 20.
f5 {[%clk 0:35:31]} Nf8 {[%clk 0:40:55]} 21. f6 {[%clk 0:27:36]} Bd8 {[%clk
0:40:09]} 22. Nd4 {[%clk 0:27:05]} Bxh3 {[%clk 0:39:31]} 23. Rxh3 {[%clk
0:25:20]} Nd7 {[%clk 0:37:32]} 24. Nc6 {[%clk 0:17:11]} Ra8 {[%clk 0:37:03]}
25. Bf2 {[%clk 0:15:19]} Nb8 {[%clk 0:34:04]} 26. Nxe5 {[%clk 0:06:44]} dxe5
{[%clk 0:31:11]} 27. d6 {[%clk 0:06:52]} Qc6 {[%clk 0:30:56]} 28. d7+ {[%clk
0:06:50]} Kf8 {[%clk 0:29:33]} 29. Bc5+ {[%clk 0:06:05]} Kg8 {[%clk 0:29:21]}
30. Qxe5 {[%clk 0:04:52]} Kh7 {[%clk 0:22:47]} 31. Rhd3 {[%clk 0:04:16]} Na6
{[%clk 0:18:47]} 32. Rd6 {[%clk 0:03:50]} Qxc5 {[%clk 0:06:37]} 33. Qe8 {[%clk
0:04:18]} Qc4 {[%clk 0:06:15]} 34. b3 {[%clk 0:04:07]} Nc7 {[%clk 0:06:03]} 35.
Qxh8+ {[%clk 0:04:26]} Kxh8 {[%clk 0:06:22]} 36. bxc4 {[%clk 0:04:49]} Kg8
{[%clk 0:05:05]} 37. Re1 {[%clk 0:03:20]} Kf8 {[%clk 0:04:44]} 38. Rc6 {[%clk
0:02:56]} a4 {[%clk 0:03:23]} 39. Kc1 {[%clk 0:03:02]} a3 {[%clk 0:03:08]} 40.
Kd2 {[%clk 0:03:24]} Rb8 {[%clk 0:03:06]} 41. Kd3 {[%clk 0:03:44]} Ra8 {[%clk
0:03:01]} 42. Kd4 {[%clk 0:04:07]} Rb8 {[%clk 0:03:12]} 43. Kc5 {[%clk
0:04:27]} Rb7 {[%clk 0:01:54]} 44. Rxc7 {[%clk 0:04:41]} Rxc7+ {[%clk 0:02:14]}
45. Kd6 {[%clk 0:05:05]} 1-0

[Event "Deutsche Ländermeisterschaft 2021"]
[Site "Neumünster GER"]
[Date "2021.10.03"]
[Round "3"]
[White "Laux, Dominik"]
[Black "Colbow, Collin"]
[Result "1/2-1/2"]
[Termination "normal"]
[Board "3.3"]
[BlackTitle "FM"]
[WhiteElo "2162"]
[BlackElo "2329"]
[WhiteClock "00:02:16"]
[BlackClock "00:03:35"]
[WhiteTeam "Hessen"]
[BlackTeam "SG Bremen / Niedersachsen"]
[PlyCount "119"]
[WhiteFideId "12994219"]
[BlackFideId "16201132"]
[EventCountry "GER"]
[EventRounds "7"]
[EventType "team-swiss"]
[EventDate "2021.10.01"]

1. d4 {[%clk 1:30:05]} Nf6 {[%clk 1:30:54]} 2. c4 {[%clk 1:30:09]} g6 {[%clk
1:31:11]} 3. g3 {[%clk 1:29:12]} Bg7 {[%clk 1:31:35]} 4. Bg2 {[%clk 1:29:37]}
O-O {[%clk 1:31:59]} 5. Nc3 {[%clk 1:28:13]} c6 {[%clk 1:24:03]} 6. e4 {[%clk
1:19:50]} d6 {[%clk 1:22:26]} 7. Nf3 {[%clk 1:19:46]} e5 {[%clk 1:16:35]} 8.
O-O {[%clk 1:08:34]} exd4 {[%clk 1:13:29]} 9. Nxd4 {[%clk 1:07:45]} Qb6 {[%clk
1:09:31]} 10. Na4 {[%clk 0:56:58]} Qa6 {[%clk 1:02:12]} 11. b3 {[%clk 0:53:53]}
Rd8 {[%clk 0:32:14]} 12. Bb2 {[%clk 0:47:32]} Nbd7 {[%clk 0:25:12]} 13. Qc2
{[%clk 0:41:02]} Nc5 {[%clk 0:21:59]} 14. Nxc5 {[%clk 0:39:06]} dxc5 {[%clk
0:22:24]} 15. Nf3 {[%clk 0:38:02]} Qa5 {[%clk 0:18:39]} 16. Rae1 {[%clk
0:31:08]} Bg4 {[%clk 0:17:39]} 17. Ne5 {[%clk 0:25:51]} Rd2 {[%clk 0:09:58]}
18. Qc1 {[%clk 0:23:26]} Rxb2 {[%clk 0:08:52]} 19. Qxb2 {[%clk 0:23:54]} Nd7
{[%clk 0:08:36]} 20. f4 {[%clk 0:23:18]} Qc7 {[%clk 0:06:46]} 21. Qf2 {[%clk
0:15:29]} Nxe5 {[%clk 0:07:11]} 22. fxe5 {[%clk 0:15:55]} b6 {[%clk 0:06:47]}
23. Kh1 {[%clk 0:13:12]} Bxe5 {[%clk 0:06:52]} 24. Bf3 {[%clk 0:13:12]} Be6
{[%clk 0:04:56]} 25. Rd1 {[%clk 0:12:42]} Kg7 {[%clk 0:05:02]} 26. Rd3 {[%clk
0:09:51]} h5 {[%clk 0:03:59]} 27. Rfd1 {[%clk 0:08:53]} Rh8 {[%clk 0:03:25]}
28. Qd2 {[%clk 0:08:36]} h4 {[%clk 0:03:16]} 29. Rd8 {[%clk 0:08:01]} hxg3
{[%clk 0:00:34]} 30. Rxh8 {[%clk 0:08:15]} Kxh8 {[%clk 0:00:54]} 31. Qd8+
{[%clk 0:06:42]} Kg7 {[%clk 0:01:21]} 32. Qxc7 {[%clk 0:06:58]} Bxc7 {[%clk
0:01:48]} 33. hxg3 {[%clk 0:07:22]} Bxg3 {[%clk 0:01:26]} 34. Rd8 {[%clk
0:06:00]} Kf6 {[%clk 0:01:50]} 35. Kg2 {[%clk 0:05:28]} Be5 {[%clk 0:00:55]}
36. Ra8 {[%clk 0:05:30]} a5 {[%clk 0:01:14]} 37. Ra6 {[%clk 0:05:07]} Bc7
{[%clk 0:01:39]} 38. Ra7 {[%clk 0:05:33]} Bd8 {[%clk 0:01:46]} 39. Ra8 {[%clk
0:05:29]} Bc7 {[%clk 0:00:49]} 40. Ra7 {[%clk 0:05:16]} Bd8 {[%clk 0:01:15]}
41. Ra8 {[%clk 0:05:02]} Ke7 {[%clk 0:11:22]} 42. e5 {[%clk 0:30:51]} Bc7
{[%clk 0:08:49]} 43. Bxc6 {[%clk 0:17:58]} Bxe5 {[%clk 0:09:06]} 44. Ra7+
{[%clk 0:18:08]} Kd8 {[%clk 0:07:44]} 45. Bd5 {[%clk 0:16:54]} Bxd5+ {[%clk
0:06:53]} 46. cxd5 {[%clk 0:17:09]} Bc7 {[%clk 0:02:01]} 47. d6 {[%clk
0:16:19]} Bxd6 {[%clk 0:02:27]} 48. Rxf7 {[%clk 0:16:45]} Be7 {[%clk 0:01:22]}
49. Rg7 {[%clk 0:16:09]} g5 {[%clk 0:00:47]} 50. a4 {[%clk 0:16:04]} Kd7 {[%clk
0:00:53]} 51. Rg6 {[%clk 0:16:21]} Bd6 {[%clk 0:00:53]} 52. Kf3 {[%clk
0:09:05]} Kc6 {[%clk 0:01:14]} 53. Ke4 {[%clk 0:09:01]} c4 {[%clk 0:01:16]} 54.
bxc4 {[%clk 0:07:26]} Kc5 {[%clk 0:01:44]} 55. Kd3 {[%clk 0:05:36]} Bf4 {[%clk
0:02:10]} 56. Kc3 {[%clk 0:04:42]} Be5+ {[%clk 0:02:33]} 57. Kd3 {[%clk
0:05:07]} Bf4 {[%clk 0:02:44]} 58. Kc3 {[%clk 0:05:34]} Be5+ {[%clk 0:03:10]}
59. Kb3 {[%clk 0:05:42]} Bf4 {[%clk 0:03:35]} 60. Kc3 {[%clk 0:02:16]} 1/2-1/2

[Event "Deutsche Ländermeisterschaft 2021"]
[Site "Neumünster GER"]
[Date "2021.10.03"]
[Round "3"]
[White "Schulze, Lara"]
[Black "Bakiev, Diyor"]
[Result "1/2-1/2"]
[Termination "normal"]
[Board "3.4"]
[WhiteTitle "FM"]
[WhiteElo "2252"]
[BlackElo "2096"]
[WhiteClock "00:15:00"]
[BlackClock "00:15:23"]
[WhiteTeam "SG Bremen / Niedersachsen"]
[BlackTeam "Hessen"]
[PlyCount "48"]
[WhiteFideId "12956830"]
[BlackFideId "16241584"]
[EventCountry "GER"]
[EventRounds "7"]
[EventType "team-swiss"]
[EventDate "2021.10.01"]

1. e4 {[%clk 1:30:56]} c6 {[%clk 1:30:55]} 2. d4 {[%clk 1:31:22]} d5 {[%clk
1:31:20]} 3. e5 {[%clk 1:31:46]} Bf5 {[%clk 1:31:42]} 4. h4 {[%clk 1:32:08]} h5
{[%clk 1:31:56]} 5. c4 {[%clk 1:32:24]} e6 {[%clk 1:32:18]} 6. Nc3 {[%clk
1:32:43]} Ne7 {[%clk 1:31:21]} 7. Nge2 {[%clk 1:32:45]} Nd7 {[%clk 1:30:44]} 8.
Ng3 {[%clk 1:33:02]} Bg6 {[%clk 1:23:15]} 9. Bg5 {[%clk 1:33:03]} Qb6 {[%clk
1:17:29]} 10. Rc1 {[%clk 1:32:12]} Nf5 {[%clk 1:00:25]} 11. Nxf5 {[%clk
1:28:52]} Bxf5 {[%clk 1:00:45]} 12. cxd5 {[%clk 1:27:34]} cxd5 {[%clk 1:00:12]}
13. Bb5 {[%clk 1:18:23]} Be7 {[%clk 0:48:50]} 14. Bxe7 {[%clk 0:59:55]} Kxe7
{[%clk 0:49:07]} 15. Qd2 {[%clk 0:59:55]} Rhd8 {[%clk 0:36:42]} 16. Qg5+ {[%clk
0:42:03]} Kf8 {[%clk 0:35:15]} 17. Qxh5 {[%clk 0:41:48]} Qxd4 {[%clk 0:25:19]}
18. Bxd7 {[%clk 0:34:46]} Qxe5+ {[%clk 0:25:02]} 19. Ne2 {[%clk 0:33:52]} Rxd7
{[%clk 0:23:15]} 20. Qh8+ {[%clk 0:23:27]} Ke7 {[%clk 0:23:37]} 21. Qxa8 {[%clk
0:23:50]} Bd3 {[%clk 0:22:12]} 22. O-O {[%clk 0:23:31]} Bxe2 {[%clk 0:21:37]}
23. Qxa7 {[%clk 0:14:37]} Bxf1 {[%clk 0:16:50]} 24. Qa3+ {[%clk 0:15:00]} Qd6
{[%clk 0:15:23]} 1/2-1/2

[Event "Deutsche Ländermeisterschaft 2021"]
[Site "Neumünster GER"]
[Date "2021.10.03"]
[Round "3"]
[White "Reinecke, Katharina"]
[Black "Helms, Finn"]
[Result "0-1"]
[Termination "normal"]
[Board "3.5"]
[WhiteElo "1945"]
[BlackElo "1898"]
[WhiteClock "00:01:14"]
[BlackClock "00:50:52"]
[WhiteTeam "Hessen"]
[BlackTeam "SG Bremen / Niedersachsen"]
[PlyCount "78"]
[WhiteFideId "12929727"]
[BlackFideId "16249143"]
[EventCountry "GER"]
[EventRounds "7"]
[EventType "team-swiss"]
[EventDate "2021.10.01"]

1. e4 {[%clk 1:30:57]} c6 {[%clk 1:30:55]} 2. d4 {[%clk 1:31:20]} d5 {[%clk
1:31:21]} 3. e5 {[%clk 1:31:41]} Bf5 {[%clk 1:31:21]} 4. Nd2 {[%clk 1:31:39]}
e6 {[%clk 1:30:53]} 5. Nb3 {[%clk 1:30:56]} Nd7 {[%clk 1:26:01]} 6. Be3 {[%clk
1:29:28]} f6 {[%clk 1:22:40]} 7. Nf3 {[%clk 0:58:59]} fxe5 {[%clk 1:17:58]} 8.
Nxe5 {[%clk 0:57:31]} Ngf6 {[%clk 1:04:34]} 9. g4 {[%clk 0:41:09]} Nxe5 {[%clk
1:00:47]} 10. gxf5 {[%clk 0:39:59]} Neg4 {[%clk 0:58:53]} 11. fxe6 {[%clk
0:35:59]} Nxe3 {[%clk 0:59:00]} 12. fxe3 {[%clk 0:36:04]} Ne4 {[%clk 0:56:11]}
13. Qf3 {[%clk 0:13:17]} Qh4+ {[%clk 0:55:26]} 14. Ke2 {[%clk 0:13:23]} O-O-O
{[%clk 0:55:10]} 15. Bh3 {[%clk 0:07:25]} Be7 {[%clk 0:54:16]} 16. Qg4 {[%clk
0:05:15]} Qf2+ {[%clk 0:53:45]} 17. Kd1 {[%clk 0:03:25]} Qxe3 {[%clk 0:53:26]}
18. Rf1 {[%clk 0:01:56]} Nf2+ {[%clk 0:51:10]} 19. Rxf2 {[%clk 0:02:20]} Qxf2
{[%clk 0:51:32]} 20. Qg3 {[%clk 0:00:58]} Qxg3 {[%clk 0:51:25]} 21. hxg3 {[%clk
0:01:20]} Rhf8 {[%clk 0:50:56]} 22. Ke2 {[%clk 0:00:42]} Kc7 {[%clk 0:50:39]}
23. Nc5 {[%clk 0:00:38]} Bxc5 {[%clk 0:50:23]} 24. dxc5 {[%clk 0:01:04]} Rde8
{[%clk 0:50:35]} 25. Rd1 {[%clk 0:00:45]} Rf6 {[%clk 0:50:02]} 26. c4 {[%clk
0:00:47]} Rfxe6+ {[%clk 0:49:35]} 27. Bxe6 {[%clk 0:01:11]} Rxe6+ {[%clk
0:49:58]} 28. Kd3 {[%clk 0:01:18]} Rg6 {[%clk 0:49:59]} 29. Rg1 {[%clk
0:01:05]} dxc4+ {[%clk 0:49:57]} 30. Kxc4 {[%clk 0:01:29]} Rg4+ {[%clk
0:49:44]} 31. Kc3 {[%clk 0:01:00]} h5 {[%clk 0:50:02]} 32. Rf1 {[%clk 0:00:35]}
Rxg3+ {[%clk 0:50:07]} 33. Kd4 {[%clk 0:00:57]} Rg4+ {[%clk 0:49:34]} 34. Ke5
{[%clk 0:00:57]} Rg5+ {[%clk 0:49:57]} 35. Kd4 {[%clk 0:01:21]} Rd5+ {[%clk
0:50:22]} 36. Kc4 {[%clk 0:01:38]} b5+ {[%clk 0:50:19]} 37. cxb6+ {[%clk
0:01:22]} Kxb6 {[%clk 0:50:36]} 38. Rf7 {[%clk 0:01:11]} g5 {[%clk 0:50:52]}
39. b4 {[%clk 0:01:14]} a5 0-1

[Event "Deutsche Ländermeisterschaft 2021"]
[Site "Neumünster GER"]
[Date "2021.10.03"]
[Round "3"]
[White "Pfeffer, Samuel"]
[Black "Buchholz, Maja"]
[Result "1/2-1/2"]
[Termination "normal"]
[Board "3.6"]
[WhiteElo "1497"]
[BlackElo "1748"]
[WhiteClock "00:58:31"]
[BlackClock "00:21:38"]
[WhiteTeam "SG Bremen / Niedersachsen"]
[BlackTeam "Hessen"]
[PlyCount "104"]
[WhiteFideId "16249160"]
[BlackFideId "16200500"]
[EventCountry "GER"]
[EventRounds "7"]
[EventType "team-swiss"]
[EventDate "2021.10.01"]

1. d4 {[%clk 1:30:57]} e6 {[%clk 1:30:47]} 2. c4 {[%clk 1:30:58]} Bb4+ {[%clk
1:31:11]} 3. Bd2 {[%clk 1:30:08]} a5 {[%clk 1:31:31]} 4. Nf3 {[%clk 1:29:13]}
f5 {[%clk 1:31:30]} 5. g3 {[%clk 1:29:07]} Nf6 {[%clk 1:31:46]} 6. Nc3 {[%clk
1:28:46]} O-O {[%clk 1:31:17]} 7. Bg2 {[%clk 1:27:46]} Qe7 {[%clk 1:28:24]} 8.
O-O {[%clk 1:27:24]} d6 {[%clk 1:26:46]} 9. Bg5 {[%clk 1:25:48]} Bxc3 {[%clk
1:25:44]} 10. bxc3 {[%clk 1:26:10]} Nbd7 {[%clk 1:25:20]} 11. Rb1 {[%clk
1:25:12]} Rb8 {[%clk 1:24:47]} 12. Nd2 {[%clk 1:24:30]} h6 {[%clk 1:20:27]} 13.
Bxf6 {[%clk 1:22:42]} Nxf6 {[%clk 1:20:41]} 14. e4 {[%clk 1:20:58]} b6 {[%clk
1:13:45]} 15. Re1 {[%clk 1:19:00]} fxe4 {[%clk 0:55:18]} 16. Nxe4 {[%clk
1:04:08]} Nd7 {[%clk 0:50:37]} 17. Nd2 {[%clk 1:03:04]} Kh8 {[%clk 0:46:20]}
18. Qe2 {[%clk 0:59:18]} Qf6 {[%clk 0:42:26]} 19. Ne4 {[%clk 0:57:07]} Qf5
{[%clk 0:37:45]} 20. Rb5 {[%clk 0:56:55]} Qf7 {[%clk 0:35:35]} 21. f4 {[%clk
0:49:52]} Ba6 {[%clk 0:35:14]} 22. Rh5 {[%clk 0:49:45]} Bxc4 {[%clk 0:30:01]}
23. Qxc4 {[%clk 0:47:29]} Qxh5 {[%clk 0:30:04]} 24. Qxc7 {[%clk 0:47:48]} d5
{[%clk 0:19:16]} 25. Nd6 {[%clk 0:47:11]} Nf6 {[%clk 0:18:27]} 26. Rxe6 {[%clk
0:42:30]} Qd1+ {[%clk 0:17:47]} 27. Bf1 {[%clk 0:42:52]} Qb1 {[%clk 0:15:09]}
28. Nf7+ {[%clk 0:39:15]} Kh7 {[%clk 0:14:04]} 29. Rxf6 {[%clk 0:39:15]} gxf6
{[%clk 0:14:09]} 30. Ng5+ {[%clk 0:39:33]} Kh8 {[%clk 0:12:53]} 31. Ne6 {[%clk
0:39:16]} Rg8 {[%clk 0:13:11]} 32. Qe7 {[%clk 0:39:19]} Qg6 {[%clk 0:11:26]}
33. f5 {[%clk 0:39:04]} Rge8 {[%clk 0:07:35]} 34. Qd7 {[%clk 0:35:13]} Qh7
{[%clk 0:05:55]} 35. Qxd5 {[%clk 0:35:40]} Qe7 {[%clk 0:05:57]} 36. Qf3 {[%clk
0:34:42]} Rec8 {[%clk 0:05:38]} 37. Nf4 {[%clk 0:33:29]} Kh7 {[%clk 0:05:33]}
38. Qh5 {[%clk 0:33:38]} Rg8 {[%clk 0:05:42]} 39. Ne6 {[%clk 0:33:32]} b5
{[%clk 0:05:23]} 40. Bd3 {[%clk 0:32:32]} Qe8 {[%clk 0:02:56]} 41. Qh4 {[%clk
0:32:13]} Qf7 {[%clk 0:02:32]} 42. d5 {[%clk 0:31:34]} Rgc8 43. Ng5+ {[%clk
0:27:07]} fxg5 {[%clk 0:01:56]} 44. f6+ {[%clk 0:27:28]} Kg8 {[%clk 0:01:57]}
45. Qxh6 {[%clk 0:27:56]} Qa7+ {[%clk 0:28:54]} 46. Kh1 {[%clk 0:57:37]} Rc7
{[%clk 0:27:10]} 47. Qxg5+ {[%clk 0:57:42]} Kf8 {[%clk 0:27:05]} 48. Qh6+
{[%clk 0:58:06]} Ke8 {[%clk 0:26:55]} 49. Qg6+ {[%clk 0:58:30]} Kf8 {[%clk
0:25:54]} 50. Qh6+ {[%clk 0:58:06]} Kg8 {[%clk 0:25:35]} 51. Qg5+ {[%clk
0:58:30]} Kh8 {[%clk 0:25:21]} 52. Qh5+ {[%clk 0:58:31]} Kg8 {[%clk 0:21:38]}
1/2-1/2

[Event "Deutsche Ländermeisterschaft 2021"]
[Site "Neumünster GER"]
[Date "2021.10.03"]
[Round "3"]
[White "Buchinger, Alexis"]
[Black "Evering, Enna"]
[Result "1-0"]
[Termination "normal"]
[Board "3.7"]
[WhiteElo "1614"]
[BlackElo "1568"]
[WhiteClock "01:03:49"]
[BlackClock "00:00:44"]
[WhiteTeam "Hessen"]
[BlackTeam "SG Bremen / Niedersachsen"]
[PlyCount "172"]
[WhiteFideId "16287134"]
[BlackFideId "16218213"]
[EventCountry "GER"]
[EventRounds "7"]
[EventType "team-swiss"]
[EventDate "2021.10.01"]

1. e4 {[%clk 1:30:55]} e5 {[%clk 1:30:47]} 2. Nf3 {[%clk 1:31:04]} Nc6 {[%clk
1:31:08]} 3. Bb5 {[%clk 1:31:17]} a6 {[%clk 1:30:46]} 4. Ba4 {[%clk 1:31:35]}
b5 {[%clk 1:30:07]} 5. Bb3 {[%clk 1:31:53]} Be7 {[%clk 1:30:31]} 6. O-O {[%clk
1:31:37]} Nf6 {[%clk 1:30:51]} 7. d3 {[%clk 1:31:48]} O-O {[%clk 1:30:41]} 8.
c3 {[%clk 1:31:43]} d6 {[%clk 1:29:22]} 9. Re1 {[%clk 1:31:18]} Bb7 {[%clk
1:28:39]} 10. h3 {[%clk 1:30:35]} Re8 {[%clk 1:27:23]} 11. Ng5 {[%clk 1:26:57]}
Rf8 {[%clk 1:26:07]} 12. a4 {[%clk 1:25:03]} h6 {[%clk 1:21:17]} 13. Bxf7+
{[%clk 1:23:32]} Rxf7 {[%clk 1:21:11]} 14. Nxf7 {[%clk 1:23:51]} Kxf7 {[%clk
1:21:08]} 15. axb5 {[%clk 1:24:03]} axb5 {[%clk 1:19:01]} 16. Rxa8 {[%clk
1:24:20]} Qxa8 {[%clk 1:18:48]} 17. Qb3+ {[%clk 1:24:38]} Kf8 {[%clk 1:14:45]}
18. Qxb5 {[%clk 1:24:38]} Nd7 {[%clk 0:56:11]} 19. Re3 {[%clk 1:22:24]} Nb6
{[%clk 0:49:58]} 20. Na3 {[%clk 1:20:19]} Nd7 {[%clk 0:46:03]} 21. Qb3 {[%clk
1:19:36]} Nc5 {[%clk 0:45:08]} 22. Rf3+ {[%clk 1:19:52]} Bf6 {[%clk 0:44:40]}
23. Qc4 {[%clk 1:19:16]} Na5 {[%clk 0:41:57]} 24. Qa2 {[%clk 1:19:26]} Nab3
{[%clk 0:27:40]} 25. Bxh6 {[%clk 1:18:37]} Ke7 {[%clk 0:27:33]} 26. Be3 {[%clk
1:18:39]} Qa4 {[%clk 0:26:25]} 27. Bxc5 {[%clk 1:17:54]} Nxc5 {[%clk 0:26:13]}
28. b4 {[%clk 1:07:44]} Ne6 {[%clk 0:20:49]} 29. Qb2 {[%clk 1:01:53]} Nf4
{[%clk 0:16:13]} 30. Nc2 {[%clk 1:00:51]} Qb5 {[%clk 0:14:08]} 31. c4 {[%clk
0:59:41]} Qb6 {[%clk 0:14:07]} 32. Qb3 {[%clk 0:59:11]} g5 {[%clk 0:11:56]} 33.
Kh2 Bc8 {[%clk 0:10:41]} 34. Ne3 {[%clk 0:57:34]} Be6 {[%clk 0:10:01]} 35. Nd5+
{[%clk 0:53:16]} Bxd5 {[%clk 0:09:07]} 36. cxd5 {[%clk 0:53:18]} Ne2 {[%clk
0:08:49]} 37. Re3 {[%clk 0:52:47]} Nd4 {[%clk 0:08:47]} 38. Qa4 {[%clk
0:52:04]} Qb8 {[%clk 0:07:15]} 39. g4 {[%clk 0:48:27]} Qh8 {[%clk 0:04:16]} 40.
Qa7 {[%clk 0:46:57]} Kd7 {[%clk 0:03:24]} 41. Qa4+ {[%clk 0:45:23]} Ke7 {[%clk
0:03:35]} 42. b5 {[%clk 0:45:28]} Qb8 {[%clk 0:00:44]} 43. Qa5 {[%clk 0:42:37]}
Nxb5 {[%clk 0:26:29]} 44. Qb4 {[%clk 1:12:02]} Qb6 {[%clk 0:25:29]} 45. Re2
{[%clk 1:05:59]} Nd4 {[%clk 0:23:50]} 46. Rb2 {[%clk 1:05:06]} Qxb4 47. Rxb4
{[%clk 1:05:18]} Kd7 {[%clk 0:20:44]} 48. Rb8 {[%clk 1:05:03]} Bd8 {[%clk
0:19:46]} 49. Kg2 {[%clk 1:02:20]} Ne2 {[%clk 0:16:41]} 50. Rb3 {[%clk
1:00:34]} Nd4 {[%clk 0:15:33]} 51. Ra3 {[%clk 1:00:18]} Nb5 {[%clk 0:15:03]}
52. Rb3 {[%clk 1:00:15]} Nd4 {[%clk 0:15:28]} 53. Rb2 {[%clk 1:00:40]} Bf6
{[%clk 0:14:54]} 54. f3 {[%clk 1:00:41]} Bd8 {[%clk 0:14:55]} 55. Kf2 {[%clk
1:00:55]} Bf6 {[%clk 0:14:55]} 56. Ke3 {[%clk 1:01:05]} Bd8 {[%clk 0:14:43]}
57. Ra2 {[%clk 1:01:07]} Be7 {[%clk 0:13:55]} 58. Rg2 {[%clk 1:00:32]} Bf6
{[%clk 0:14:11]} 59. Rg1 {[%clk 1:00:45]} Be7 {[%clk 0:14:19]} 60. Kf2 {[%clk
1:00:20]} Bf6 {[%clk 0:14:10]} 61. h4 {[%clk 1:00:04]} gxh4 {[%clk 0:11:06]}
62. g5 {[%clk 1:00:24]} Be7 {[%clk 0:09:55]} 63. g6 {[%clk 1:00:20]} Bf6 {[%clk
0:08:40]} 64. g7 {[%clk 1:00:24]} Bxg7 {[%clk 0:09:03]} 65. Rxg7+ {[%clk
1:00:48]} Kd8 {[%clk 0:08:38]} 66. Rh7 {[%clk 1:00:31]} Nc2 {[%clk 0:06:14]}
67. Rxh4 {[%clk 1:00:36]} Nb4 {[%clk 0:05:36]} 68. Ke3 {[%clk 1:00:51]} Nc2+
{[%clk 0:05:50]} 69. Kf2 {[%clk 1:01:01]} Nb4 {[%clk 0:06:05]} 70. Ke2 {[%clk
1:01:04]} Nc2 {[%clk 0:06:14]} 71. f4 {[%clk 1:01:04]} exf4 {[%clk 0:05:58]}
72. Rxf4 {[%clk 1:01:26]} Nd4+ {[%clk 0:06:17]} 73. Kd2 {[%clk 1:01:37]} Nb3+
{[%clk 0:05:32]} 74. Kc3 {[%clk 1:01:47]} Nc5 {[%clk 0:05:27]} 75. Kc4 {[%clk
1:02:09]} Nd7 {[%clk 0:05:04]} 76. d4 {[%clk 1:02:07]} Nb6+ {[%clk 0:04:04]}
77. Kb5 {[%clk 1:02:23]} Kd7 {[%clk 0:04:01]} 78. Rf7+ {[%clk 1:02:33]} Kd8
{[%clk 0:02:42]} 79. Kc6 {[%clk 1:02:49]} Nc4 {[%clk 0:02:00]} 80. Rxc7 {[%clk
1:03:06]} Ke8 {[%clk 0:02:17]} 81. Rd7 {[%clk 1:02:38]} Kf8 {[%clk 0:01:27]}
82. Rxd6 {[%clk 1:02:54]} Na5+ {[%clk 0:01:02]} 83. Kb5 {[%clk 1:03:01]} Nb7
{[%clk 0:01:28]} 84. Rd7 {[%clk 1:03:25]} Ke8 {[%clk 0:00:44]} 85. Rxb7 {[%clk
1:03:49]} Kd8 86. Rb6 Ke8 1-0